00422nam a22001217a 4500003000200000005001700002008004100019050002300060245007600083260008500159300002500244500003100269020221129123001.0221115b xxu||||| |||| 00| 0 eng d aQA 76.5b.B86 2019 aOnline reservation system of homework restaurant barcPatrick Al B. Buo aLas Pinas City, PhilippinesbSouthville International School and CollegescC2019 a103ppc28cm.fTheses aOnline reservation system.